[Event "Michigan Open"]
[Site "Lansing, MI"]
[Date "2002.08.31"]
[Round "2.1"]
[White "Bailey, Greg"]
[Black "O'Donnell, Robert"]
[Result "0-1"]
[WhiteElo "1950"]
[BlackElo "2165"]
[PlyCount "104"]
[EventDate "2002.08.30"]

1. f4 c5 2. Nf3 Nf6 3. g3 g6 4. Bg2 Bg7 5. O-O O-O 6. c4 Nc6 7. Nc3 Rb8 8. e4
d6 9. d3 a6 10. a4 Bg4 11. h3 Bxf3 12. Bxf3 Nd4 13. Be3 Nd7 14. Bg2 e6 15. Rf2
b6 16. Kh2 Qe7 17. Ne2 b5 18. axb5 axb5 19. Bxd4 cxd4 20. b3 bxc4 21. bxc4 Nc5
22. Nc1 e5 23. f5 f6 24. Bf1 Bh6 25. Qg4 Kg7 26. fxg6 hxg6 27. h4 Rb7 28. h5
Bg5 29. hxg6 Kxg6 30. Kg2 Rfb8 31. Qe2 Qd7 32. Qf3 Qe6 33. Qf5+ Qxf5 34. exf5+
Kh6 35. Kf3 Rb2 36. Be2 Kg7 37. Ra7+ R2b7 38. Rxb7+ Rxb7 39. Rf1 Rb1 40. Na2
Rb2 41. Nc1 Rc2 42. Nb3 Nxb3 43. Rd1 Nd2+ 44. Kf2 Be3+ 45. Ke1 Nb3 46. g4 Kh6
47. Rb1 Rc1+ 48. Rxc1 Bxc1 49. Kf2 Kg5 50. Kg3 Bf4+ 51. Kh3 Nc1 52. Bf1 e4 0-1

[Event "Michigan Open Reserve"]
[Site "Lansing, MI"]
[Date "2002.08.31"]
[Round "3.26"]
[White "Bailey, Dennis"]
[Black "Asbury, Victor"]
[Result "1-0"]
[WhiteElo "1488"]
[BlackElo "1557"]
[PlyCount "125"]
[EventDate "2002.08.30"]

1. d4 Nf6 2. Nf3 g6 3. Bf4 Bg7 4. e3 O-O 5. Be2 c5 6. c3 cxd4 7. exd4 Qb6 8.
Qb3 Qxb3 9. axb3 d6 10. Nbd2 Bf5 11. O-O Nc6 12. Rfe1 Rfe8 13. Bb5 Bd7 14. h3
a6 15. Bf1 b5 16. b4 Nd5 17. Bg3 Bh6 18. Bd3 Nf4 19. Bc2 f5 20. Bxf4 Bxf4 21.
Re2 e5 22. dxe5 dxe5 23. Nb3 e4 24. Nfd2 Red8 25. Nc5 Bc8 26. Nf1 Ne5 27. Bb3+
Kg7 28. Be6 Kf6 29. Bxc8 Rdxc8 30. Ne3 Bxe3 31. Rxe3 Rc6 32. b3 Ke7 33. f3 Nd7
34. Nxd7 Kxd7 35. fxe4 Re6 36. Rd3+ Rd6 37. Rxd6+ Kxd6 38. exf5 gxf5 39. Kf2
Ke5 40. Kf3 h5 41. Re1+ Kf6 42. Kf4 Rc8 43. Rc1 Re8 44. c4 Re2 45. c5 Rxg2 46.
c6 Rg8 47. c7 Rc8 48. h4 Ke7 49. Kxf5 Kd7 50. Kg5 Rg8+ 51. Kxh5 Kc8 52. Rc3 Rg2
53. Kh6 Rg4 54. h5 Rxb4 55. Kg5 Re4 56. h6 Re1 57. Kg4 Rh1 58. Rh3 Rxh3 59.
Kxh3 Kxc7 60. h7 Kb6 61. h8=Q Kc5 62. Qc3+ Kb6 63. b4 1-0

[Event "Michigan Open Booster"]
[Site "Lansing, MI"]
[Date "2002.08.31"]
[Round "1.27"]
[White "Avery, James"]
[Black "Brooks, Randall"]
[Result "0-1"]
[WhiteElo "744"]
[BlackElo "1240"]
[PlyCount "50"]
[EventDate "2002.08.30"]

1. e4 c5 2. Nf3 d6 3. Be2 Nf6 4. Nc3 g6 5. O-O Bg7 6. d3 O-O 7. Be3 Nc6 8. Nd5
Ng4 9. c3 e6 10. Nf4 Nxe3 11. fxe3 Bh6 12. d4 Qb6 13. Qd2 cxd4 14. Nxd4 e5 15.
Nxc6 bxc6 16. Nh3 Bxe3+ 17. Qxe3 Qxe3+ 18. Rf2 Bxh3 19. gxh3 Qxh3 20. Rf3 Qg4+
21. Kf2 Qxe4 22. Re1 Qh4+ 23. Kf1 Qxh2 24. b4 e4 25. Re3 Qf4+ 0-1

[Event "Michigan Open Reserve"]
[Site "Lansing, MI"]
[Date "2002.08.31"]
[Round "2.30"]
[White "Avery, Bill"]
[Black "Schell, Ken"]
[Result "0-1"]
[WhiteElo "1658"]
[BlackElo "1500"]
[PlyCount "32"]
[EventDate "2002.08.30"]

1. d4 d5 2. Nf3 Nf6 3. Bg5 e6 4. e3 Nbd7 5. Bd3 Bd6 6. Nbd2 c5 7. c3 O-O 8. Qc2
Qc7 9. O-O b6 10. e4 dxe4 11. Nxe4 c4 12. Nxf6+ Nxf6 13. Bxf6 cxd3 14. Qxd3
gxf6 15. Rae1 Bb7 16. h3 Kh8 0-1

[Event "Michigan Open Reserve"]
[Site "Lansing, MI"]
[Date "2002.08.31"]
[Round "2.13"]
[White "Asbury, Victor"]
[Black "Cendrowski, Chris"]
[Result "0-1"]
[WhiteElo "1557"]
[BlackElo "1461"]
[PlyCount "80"]
[EventDate "2002.08.30"]

1. c4 c6 2. Nc3 d5 3. cxd5 cxd5 4. d4 Nc6 5. g3 Bf5 6. Bg2 e6 7. Nf3 Nf6 8. O-O
a6 9. Nh4 Bg6 10. Nxg6 hxg6 11. Bg5 Be7 12. Re1 Qb6 13. Qd2 Qxd4 14. Rad1 Qxd2
15. Rxd2 Rd8 16. Red1 Ng4 17. Bxe7 Kxe7 18. h3 Nge5 19. e3 f5 20. b3 g5 21. Ne2
g4 22. h4 Kf6 23. Nf4 Ne7 24. Rc2 Rc8 25. Rdc1 Rxc2 26. Rxc2 Rc8 27. Rxc8 Nxc8
28. Kf1 Ne7 29. Ke2 N7g6 30. Nd3 Nxd3 31. Kxd3 Ne7 32. Kd4 b6 33. Bf1 e5+ 34.
Kc3 a5 35. Bb5 Nc8 36. Bd7 Nd6 37. Kd3 Ne4 38. Ke2 Nc3+ 39. Kd3 Nxa2 40. Bc6
Nb4+ 0-1

[Event "Michigan Open Reserve"]
[Site "Lansing, MI"]
[Date "2002.08.31"]
[Round "2.15"]
[White "Anderson, Neal"]
[Black "Bailey, Dennis"]
[Result "1-0"]
[WhiteElo "1355"]
[BlackElo "1488"]
[PlyCount "71"]
[EventDate "2002.08.30"]

1. d4 Nf6 2. c4 g6 3. Nc3 Bg7 4. e4 d6 5. Nf3 O-O 6. Be3 Na6 7. Qd2 c5 8. d5
Nc7 9. Bh6 a6 10. Bxg7 Kxg7 11. a4 a5 12. Bd3 Bg4 13. Ng5 h6 14. h3 Bd7 15. Nf3
Na6 16. Nh2 Nb4 17. Bb1 Qc8 18. Nf1 Ra6 19. Ng3 e5 20. Nb5 Bxb5 21. axb5 Ra7
22. h4 Qg4 23. Ra3 h5 24. Nf5+ gxf5 25. Rg3 Qxg3 26. fxg3 Nh7 27. exf5 f6 28.
Qe2 Kh6 29. g4 Rg8 30. Qd2+ Kg7 31. gxh5 b6 32. g4 Kf8 33. Rg1 Rag7 34. g5 Ke8
35. g6 Kd7 36. h6 1-0

[Event "Michigan Open Booster"]
[Site "Lansing, MI"]
[Date "2002.08.31"]
[Round "2.21"]
[White "Almasy, Roy"]
[Black "Brooks, Randall"]
[Result "1-0"]
[WhiteElo "1333"]
[BlackElo "1240"]
[PlyCount "69"]
[EventDate "2002.08.30"]

1. e4 c5 2. Nf3 d6 3. Nc3 Nf6 4. Bc4 g6 5. e5 Ng4 6. Bxf7+ Kxf7 7. Ng5+ Kg7 8.
e6 Nh6 9. Qf3 Qe8 10. b3 Kg8 11. Nd5 Na6 12. O-O Bg7 13. Rb1 Bf6 14. Nxf6+ exf6
15. Qxf6 Qf8 16. Qc3 d5 17. d4 Qg7 18. Bb2 Rb8 19. Qe3 Kf8 20. Qf3+ Ke7 21.
dxc5 d4 22. Qf4 Rd8 23. Rbd1 Nf5 24. g4 Nh6 25. Bxd4 Qf8 26. Qe4 Qg8 27. Be3
Rxd1 28. Rxd1 Nc7 29. Nf3 Qg7 30. Bg5+ Qf6 31. Bxf6+ Kxf6 32. g5+ Kg7 33. Qe5+
Kf8 34. Rd8+ Ne8 35. Qf6+ 1-0

[Event "Michigan Open Reserve"]
[Site "Lansing, MI"]
[Date "2002.08.31"]
[Round "3.26"]
[White "Aldrich, Justin"]
[Black "Kieliszewski, Greg"]
[Result "1-0"]
[WhiteElo "1610"]
[BlackElo "1479"]
[PlyCount "45"]
[EventDate "2002.08.30"]

1. e4 c5 2. Nf3 e6 3. c3 d5 4. Bb5+ Nc6 5. exd5 exd5 6. O-O Bd7 7. d4 Qb6 8.
Bxc6 bxc6 9. Re1+ Be7 10. dxc5 Qxc5 11. Be3 Qd6 12. Bd4 Be6 13. Bxg7 Bf6 14.
Bxh8 Bxh8 15. Nd4 O-O-O 16. Nxe6 fxe6 17. Qg4 Re8 18. Nd2 Nf6 19. Qa4 Re7 20.
Re3 e5 21. Qa6+ Kb8 22. c4 e4 23. Rb3+ 1-0

[Event "Michigan Open"]
[Site "Lansing, MI"]
[Date "2002.08.31"]
[Round "2.28"]
[White "Aldrich, Jeff"]
[Black "Skidmore, Mike"]
[Result "0-1"]
[WhiteElo "1907"]
[BlackElo "1847"]
[PlyCount "109"]
[EventDate "2002.08.30"]

1. d4 d5 2. c4 c6 3. Nc3 Nf6 4. Nf3 h6 5. e3 Bf5 6. cxd5 cxd5 7. Qb3 Qb6 8.
Bb5+ Nc6 9. Nxd5 Nxd5 10. Qxd5 e6 11. Qb3 a6 12. Bxc6+ Qxc6 13. Bd2 Be7 14. O-O
O-O 15. Rfc1 Qb5 16. Qxb5 axb5 17. Rc7 Bf6 18. Rxb7 Rab8 19. Rc7 b4 20. Rac1
Rfd8 21. h3 Be4 22. R1c4 Ra8 23. Bxb4 Rxa2 24. Ba3 Ra1+ 25. Rc1 Rxc1+ 26. Rxc1
Rb8 27. Kf1 Bd8 28. Nd2 Bd3+ 29. Ke1 Ba5 30. Kd1 Bg6 31. Nc4 Bd8 32. Bd6 Ra8
33. Ne5 Be4 34. f3 Bd5 35. Ba3 Bb3+ 36. Ke2 f6 37. Nd3 Kf7 38. Rc3 Ba4 39. Nc5
Bb5+ 40. Kd1 Bf1 41. Rc2 Bb5 42. Kc1 Be7 43. Ne4 Bxa3 44. bxa3 Bd3 45. Ra2 Ke7
46. a4 Bc4 47. Ra1 Bf1 48. g4 Bxh3 49. Kd1 f5 50. gxf5 Bxf5 51. Nc5 Bg6 52. Kd2
Be8 53. a5 Kd6 54. Kc3 e5 55. Ne4+ $138 0-1

[Event "Michigan Open Booster"]
[Site "Lansing, MI"]
[Date "2002.08.31"]
[Round "2.3"]
[White "Aguilar, Javier"]
[Black "Lawitzke, John"]
[Result "1-0"]
[WhiteElo "1213"]
[BlackElo "896"]
[PlyCount "79"]
[EventDate "2002.08.30"]

1. d4 Nf6 2. c4 e6 3. g3 d5 4. Bg2 Be7 5. e3 O-O 6. Nf3 Nbd7 7. c5 Ne4 8. O-O
f5 9. b4 a6 10. Bb2 h6 11. Nc3 Kh7 12. Ne2 Ng5 13. Nf4 Nxf3+ 14. Bxf3 Nf6 15.
a4 Bd7 16. Nd3 Ng4 17. Bxg4 fxg4 18. Ne5 h5 19. Qd3+ Rf5 20. Nxd7 Qxd7 21. b5
g6 22. Ba3 axb5 23. axb5 c6 24. bxc6 bxc6 25. Bb2 Rxa1 26. Rxa1 Rf8 27. Ra6 Rc8
28. Qa3 Qb7 29. Ra7 Qb8 30. Rxe7+ Kh6 31. Qa7 Qxb2 32. Rh7+ Kg5 33. Qe7+ Kf5
34. Rf7+ Ke4 35. Qxe6+ Kd3 36. Qxc8 Qb1+ 37. Kg2 Ke2 38. Qa6+ Kd2 39. Qf1 Qe4+
40. f3 1-0

[Event "Michigan Open"]
[Site "Lansing, MI"]
[Date "2002.09.01"]
[Round "4.12"]
[White "Zubatch, Steve"]
[Black "Garrison, Ray"]
[Result "1-0"]
[WhiteElo "1811"]
[BlackElo "1882"]
[PlyCount "46"]
[EventDate "2002.08.30"]

1. e4 e6 2. d4 d5 3. e5 c5 4. c3 Nc6 5. Nf3 Nge7 6. Bd3 Bd7 7. dxc5 Ng6 8. Bxg6
hxg6 9. b4 Qc7 10. Qe2 a6 11. Bf4 b6 12. cxb6 Qxb6 13. O-O d4 14. a3 dxc3 15.
Nxc3 Nd4 16. Nxd4 Qxd4 17. Qe3 Qxe3 18. Bxe3 Be7 19. Ne4 f6 20. exf6 gxf6 21.
Bc5 Bd8 22. Nd6+ Ke7 23. Nb7+ Kf7 1-0

[Event "Michigan Open Reserve"]
[Site "Lansing, MI"]
[Date "2002.09.01"]
[Round "5.17"]
[White "Wood, Jack"]
[Black "Jones, Avery"]
[Result "0-1"]
[WhiteElo "1450"]
[BlackElo "1671"]
[PlyCount "142"]
[EventDate "2002.08.30"]

1. c4 c6 2. d4 d5 3. Nc3 Nf6 4. Nf3 e6 5. Bg5 Be7 6. e3 Nbd7 7. Bd3 O-O 8. O-O
Re8 9. Rc1 dxc4 10. Bxc4 Nd5 11. Bxe7 Nxe7 12. Ne4 Nb6 13. Bd3 Ng6 14. Nc5 Nd7
15. b4 e5 16. Bxg6 hxg6 17. Nxd7 Bxd7 18. Nxe5 Be6 19. a3 Qf6 20. Qf3 Qxf3 21.
Nxf3 Bd5 22. Ne5 Rad8 23. a4 g5 24. a5 a6 25. Rc3 f6 26. Nd3 Rb8 27. Nc5 Re7
28. Na4 Kf8 29. Nb6 Bf7 30. f4 gxf4 31. Rxf4 Rbe8 32. Kf2 Kg8 33. Na4 Bd5 34.
Nc5 Kf7 35. g4 g5 36. Rf5 Rh8 37. Kg3 Kg6 38. Rf2 Reh7 39. e4 Rh3+ 40. Kg2 Rxc3
41. exd5 cxd5 42. Nd7 Rc6 43. Nc5 b6 44. Nxa6 bxa5 45. b5 Rb6 46. Nc7 Rd8 47.
Rf5 Rbd6 48. b6 Rxb6 49. Nxd5 Ra6 50. Nc7 Rad6 51. Rxa5 Rxd4 52. Ne6 Rd2+ 53.
Kf3 R8d6 54. Nc5 Rxh2 55. Kg3 Rh4 56. Ra6 Rxa6 57. Nxa6 f5 58. gxf5+ Kxf5 59.
Nc5 Rg4+ 60. Kf3 Rf4+ 61. Kg3 Rc4 62. Nd7 Rc3+ 63. Kg2 Kf4 64. Nf6 Rd3 65. Nh5+
Kg4 66. Nf6+ Kh4 67. Ne4 Ra3 68. Nf2 g4 69. Nh1 Ra2+ 70. Kg1 g3 71. Nf2 gxf2+
0-1

[Event "Michigan Open"]
[Site "Lansing, MI"]
[Date "2002.09.01"]
[Round "5.12"]
[White "Williams, Ron"]
[Black "Zubatch, Steve"]
[Result "1/2-1/2"]
[WhiteElo "1955"]
[BlackElo "1811"]
[PlyCount "66"]
[EventDate "2002.08.30"]

1. c4 Nf6 2. Nc3 g6 3. g3 Bg7 4. Bg2 O-O 5. Nf3 d6 6. h3 e5 7. d3 Re8 8. O-O
Nc6 9. e4 a6 10. Be3 h6 11. Qd2 Kh7 12. Nh2 Ng8 13. g4 Rf8 14. Ne2 Be6 15. f4
exf4 16. Nxf4 Ne5 17. Rac1 Ne7 18. Qe2 c5 19. Rf2 N7c6 20. Rcf1 Kg8 21. a3 b5
22. Nd5 bxc4 23. dxc4 Na5 24. Rc1 Rb8 25. Rc2 Naxc4 26. Rxc4 Nxc4 27. Qxc4 Bxd5
28. Qxd5 Bxb2 29. Bxh6 Bd4 30. Bxf8 Rb1+ 31. Bf1 Qf6 32. Qa2 Kxf8 33. Kg2 Qxf2+
1/2-1/2

[Event "Michigan Open Booster"]
[Site "Lansing, MI"]
[Date "2002.09.01"]
[Round "1.43"]
[White "Williams, Marcus"]
[Black "Tyle, Sheel"]
[Result "1-0"]
[WhiteElo "1227"]
[BlackElo "781"]
[PlyCount "47"]
[EventDate "2002.08.30"]

1. d4 d5 2. Nf3 Nc6 3. a3 Bf5 4. e3 e6 5. c4 Nf6 6. Nh4 Na5 7. Nxf5 exf5 8.
Qa4+ Nc6 9. cxd5 Nxd5 10. Bb5 Qd7 11. Bxc6 bxc6 12. Nc3 Nb6 13. Qc2 O-O-O 14.
O-O g6 15. Na4 Nxa4 16. Qxa4 Bh6 17. Qxa7 Qd6 18. Bd2 f4 19. Rac1 f3 20. Bb4
Qd5 21. Rc5 Qe4 22. Re5 Qg4 23. Qa6+ Kd7 24. Re7# 1-0

[Event "Michigan Open Booster"]
[Site "Lansing, MI"]
[Date "2002.09.01"]
[Round "2.41"]
[White "Williams, Marcus"]
[Black "Bultema, Bob"]
[Result "1-0"]
[WhiteElo "1227"]
[BlackElo "1311"]
[PlyCount "49"]
[EventDate "2002.08.30"]

1. d4 f5 2. Bg5 Nf6 3. c4 e6 4. Bxf6 Qxf6 5. Nc3 Bb4 6. Nf3 b6 7. a3 Bxc3+ 8.
bxc3 Bb7 9. e3 d6 10. Qc2 Nd7 11. Be2 O-O-O 12. Rb1 Be4 13. Bd3 Bxf3 14. gxf3
Rhe8 15. a4 h6 16. a5 g5 17. axb6 Nxb6 18. c5 Nd5 19. c6 Nb6 20. Ba6+ Kb8 21.
Qa2 d5 22. Bc8 e5 23. Qa6 Qxc6 24. Ra1 Qxc3+ 25. Kd1 {Remainder unavailable}
1-0

[Event "Michigan Open"]
[Site "Lansing, MI"]
[Date "2002.09.01"]
[Round "4.3"]
[White "Whitten, Jason"]
[Black "Vandivier, Don"]
[Result "1-0"]
[WhiteElo "2169"]
[BlackElo "1963"]
[PlyCount "67"]
[EventDate "2002.08.30"]

1. e4 c5 2. Nf3 Nc6 3. d4 cxd4 4. Nxd4 g6 5. Nc3 Bg7 6. Be3 Nf6 7. Nxc6 bxc6 8.
e5 Nd5 9. Nxd5 cxd5 10. Qxd5 Rb8 11. Bc4 O-O 12. O-O Qc7 13. f4 Bb7 14. Qd3 Qc6
15. Rf2 Rbc8 16. Bb5 Qc7 17. Qxd7 Qb8 18. Ba4 Rc4 19. Bb3 Re4 20. Bd2 e6 21.
Ba5 Rc8 22. Rd1 Bf8 23. Bxe6 fxe6 24. Qxe6+ Kh8 25. Rd7 Bd5 26. Qxd5 Bc5 27.
Qxe4 Qxb2 28. Rd1 Bxf2+ 29. Kxf2 Rxc2+ 30. Kg1 Re2 31. Qd5 Qc2 32. Qd8+ Kg7 33.
Qf6+ Kh6 34. Qg5+ 1-0

[Event "Michigan Open Reserve"]
[Site "Lansing, MI"]
[Date "2002.09.01"]
[Round "4.21"]
[White "Whatling, David"]
[Black "Bailey, Dennis"]
[Result "0-1"]
[WhiteElo "1266"]
[BlackElo "1488"]
[PlyCount "116"]
[EventDate "2002.08.30"]

1. e4 e6 2. f4 d5 3. e5 c5 4. Nf3 Nc6 5. d4 cxd4 6. Nxd4 Bc5 7. c3 Nge7 8. b4
Bb6 9. Nxc6 Nxc6 10. Bd3 Bd7 11. Qe2 Rc8 12. Bb2 O-O 13. a4 a6 14. Na3 f6 15.
exf6 Qxf6 16. g3 Qf7 17. Kd2 Rc7 18. h4 Rfc8 19. Raf1 Qe7 20. b5 Nb8 21. bxa6
bxa6 22. g4 Ba5 23. Rc1 d4 24. Nb1 dxc3+ 25. Nxc3 Qf6 26. Qe5 Qxe5 27. fxe5
Bxa4 28. h5 Rd8 29. Ke2 Bxc3 30. Rxc3 Rxc3 31. Bxc3 Bb5 32. Bxb5 axb5 33. g5
Nc6 34. Rb1 Rb8 35. Kd3 Kf7 36. Bb4 Nxe5+ 37. Ke4 Nc6 38. Bc3 b4 39. Bd4 Nxd4
40. Kxd4 b3 41. Kc3 b2 42. Rxb2 Rxb2 43. Kxb2 e5 44. Kc3 Ke6 45. Kd2 Kf5 46. h6
g6 47. Ke2 Ke4 48. Kf1 Ke3 49. Ke1 e4 50. Kf1 Kd2 51. Kg2 e3 52. Kg3 e2 53. Kf4
e1=Q 54. Kg4 Qf2 55. Kh3 Qg1 56. Kh4 Ke3 57. Kh3 Kf3 58. Kh4 Qh1# 0-1

[Event "Michigan Open Reserve"]
[Site "Lansing, MI"]
[Date "2002.09.01"]
[Round "4.4"]
[White "West, Tony"]
[Black "Steen, Harold"]
[Result "1-0"]
[WhiteElo "1756"]
[BlackElo "1642"]
[PlyCount "75"]
[EventDate "2002.08.30"]

1. e4 e6 2. d4 d5 3. e5 c5 4. c3 Nc6 5. Nf3 Qb6 6. a3 Nge7 7. b4 cxd4 8. cxd4
Nf5 9. Be3 Nxe3 10. fxe3 Be7 11. Bd3 a5 12. b5 Na7 13. Nc3 Bd7 14. Qb3 O-O 15.
O-O Rac8 16. Kh1 Qd8 17. e4 dxe4 18. Bxe4 b6 19. Rac1 Kh8 20. Rfd1 f5 21. exf6
Bxf6 22. Ne5 Bxe5 23. dxe5 Qe8 24. a4 Rf4 25. Qb1 g6 26. Qd3 Rf7 27. h3 Rc5 28.
Bf3 Kg8 29. Ne4 Rxc1 30. Rxc1 Qe7 31. Rc7 Nc8 32. Nf6+ Rxf6 33. exf6 Qxf6 34.
Rxd7 Ne7 35. Qd4 e5 36. Qc4+ Kg7 37. Qc7 Kf8 38. Qd8+ 1-0

[Event "Michigan Open Reserve"]
[Site "Lansing, MI"]
[Date "2002.09.01"]
[Round "5.21"]
[White "West, Aaron"]
[Black "Johnson, Johnny"]
[Result "0-1"]
[WhiteElo "1427"]
[BlackElo "1506"]
[PlyCount "62"]
[EventDate "2002.08.30"]

1. e4 c5 2. Nf3 d6 3. d4 cxd4 4. Nxd4 Nf6 5. Nc3 a6 6. a4 e6 7. Bc4 Qc7 8. Ba2
Nc6 9. Be3 Ne5 10. O-O Bd7 11. Qe2 Be7 12. h3 Bc6 13. f4 Ned7 14. Nxc6 Qxc6 15.
Bf2 Nc5 16. Rfe1 O-O 17. Bc4 Rac8 18. Bd3 g6 19. a5 Nh5 20. Qg4 Nxd3 21. cxd3
f5 22. exf5 exf5 23. Qd1 Nxf4 24. Qb3+ Rf7 25. Ne4 fxe4 26. Rac1 Qd7 27. Rxc8+
Qxc8 28. Rxe4 Kf8 29. Qa4 Qf5 30. Qd4 Kg8 31. Qc4 d5 0-1

[Event "Michigan Open Reserve"]
[Site "Lansing, MI"]
[Date "2002.09.01"]
[Round "3.45"]
[White "Watkins, Matthew"]
[Black "Kuczek, Kevin"]
[Result "1-0"]
[WhiteElo "1438"]
[BlackElo "1439"]
[PlyCount "71"]
[EventDate "2002.08.30"]

1. e4 c5 2. Nf3 d6 3. d4 cxd4 4. Nxd4 Nf6 5. Nc3 g6 6. Bc4 Bg7 7. Be3 O-O 8.
Qd2 Nc6 9. Nxc6 bxc6 10. O-O Be6 11. Bxe6 fxe6 12. f3 Qa5 13. Bh6 Rf7 14. Bxg7
Kxg7 15. Rab1 Raf8 16. Qd4 Kg8 17. Qc4 Qb6+ 18. Kh1 d5 19. exd5 exd5 20. Qd3
Qc7 21. Ne2 Ng4 22. Ng3 Ne5 23. Qe2 Nc4 24. b3 Nd6 25. Rbd1 Nf5 26. Nxf5 Rxf5
27. Rfe1 Rh5 28. h3 e5 29. c4 d4 30. Qe4 Rf4 31. Qe2 Qd6 32. Qc2 Qf6 33. Re4
Qh4 34. Rxf4 Qxf4 35. Re1 Qg3 36. Qe4 $138 1-0

[Event "Michigan Open Reserve"]
[Site "Lansing, MI"]
[Date "2002.09.01"]
[Round "2.44"]
[White "Watkins, Matthew"]
[Black "Beshore, Brad"]
[Result "0-1"]
[WhiteElo "1438"]
[BlackElo "1748"]
[PlyCount "81"]
[EventDate "2002.08.30"]

1. e4 g6 2. d4 Bg7 3. Nf3 c6 4. Nc3 d5 5. exd5 cxd5 6. Bf4 Nf6 7. Qd2 O-O 8.
Bd3 Nc6 9. O-O Nb4 10. Be2 Bf5 11. a3 Nc6 12. h3 Ne4 13. Qe3 h5 14. Rad1 Rc8
15. Bh6 Nxc3 16. bxc3 Bxc2 17. Bxg7 Kxg7 18. Rc1 Be4 19. Ng5 Qd6 20. Nxe4 dxe4
21. Qxe4 Qxa3 22. d5 Na5 23. Qd4+ Kg8 24. Ra1 Qc5 25. Qa4 b6 26. c4 Nxc4 27.
Rfc1 b5 28. Qa2 Qxd5 29. Qxa7 Ra8 30. Qxe7 Rae8 31. Bxc4 bxc4 32. Qb4 Rc8 33.
Ra4 c3 34. Ra3 Rc4 35. Qb3 Re8 36. Rxc3 Re1+ 37. Kh2 Qe5+ 38. Rg3 Rcc1 39. Ra8+
Kg7 40. Qxf7+ Kxf7 41. Ra7+ 0-1

[Event "Michigan Open Reserve"]
[Site "Lansing, MI"]
[Date "2002.09.01"]
[Round "4.24"]
[White "Vorhauer, Sam"]
[Black "Johnson, Marshall"]
[Result "0-1"]
[WhiteElo "1381"]
[BlackElo "1362"]
[Annotator "Marshall Johnson"]
[PlyCount "120"]
[EventDate "2002.08.30"]

1. d4 Nf6 2. Nf3 g6 3. Bf4 Bg7 4. e3 O-O 5. c3 c5 6. Qc2 cxd4 7. exd4 d5 8.
Nbd2 Nc6 9. Bd3 a6 10. O-O b5 11. a3 Bd7 12. Rfe1 Na5 13. Re2 Nc4 14. Rae1 e6
15. Nb3 Qb6 16. Nc5 Rfc8 17. Be5 Qc6 18. Ra1 Nxe5 19. Nxe5 Qc7 20. h4 Be8 21.
g4 Ne4 22. f4 $2 Nxc5 23. dxc5 Qxc5+ 24. Kf1 d4 25. h5 dxc3 26. b4 Qd4 27. Re4
Qd5 28. hxg6 hxg6 29. Kf2 Rd8 30. Rd1 Bxe5 31. Rxe5 Qd4+ 32. Kg3 Bc6 $2 ({
Better:} 32... Rac8 33. Ree1 Qf6 $19) 33. Qe2 Qb6 34. Rc5 a5 35. Qe5 $2 ({
Better:} 35. Rxc3 axb4 36. axb4 Bb7 $17) 35... axb4 36. axb4 Rd5 $6 ({Better:} 
36... Ra3 $1 37. Kf2 Rd5 $19) 37. Rxd5 Bxd5 38. Qe2 Bc6 $2 ({Better:} 38... Ra2
39. Bc2 Bb3 40. Rc1 Rxc2 41. Rxc2 Bxc2 42. Qxc2 $2 Qe3+ $1 {followed by Qd2 &
White is destroyed.}) 39. Be4 Bxe4 40. Qxe4 Rd8 41. Rh1 Qd4 42. Qe5 Qxe5 43.
fxe5 c2 44. Rc1 Rc8 45. g5 Rc4 46. Kf3 Kf8 47. Ke3 Ke7 48. Kd3 Kd7 49. Rxc2
Rxc2 50. Kxc2 Kc6 51. Kd3 Kd5 52. Ke3 Kxe5 53. Kd3 Kd5 54. Ke3 e5 55. Kd3 e4+
56. Ke3 Ke5 57. Ke2 Kf4 58. Kf2 Kxg5 59. Kg3 f5 60. Kf2 Kf4 0-1

[Event "Michigan Open"]
[Site "Lansing, MI"]
[Date "2002.09.01"]
[Round "5.6"]
[White "Viswanathan, Kartik"]
[Black "Baze, Lineas"]
[Result "1-0"]
[WhiteElo "2148"]
[BlackElo "2000"]
[PlyCount "73"]
[EventDate "2002.08.30"]

1. d4 Nf6 2. c4 g6 3. Nc3 Bg7 4. e4 d6 5. f4 O-O 6. Nf3 Na6 7. e5 Ne8 8. Be2 e6
9. Be3 c6 10. Qd2 f6 11. O-O-O Qa5 12. h4 h5 13. g4 hxg4 14. exf6 Nxf6 15. Ng5
e5 16. fxe5 dxe5 17. d5 Bf5 18. Ne6 Nb4 19. Nxg7 Ne4 20. Nxf5 Nxd2 21. Nh6+ Kh7
22. Bxd2 Nxa2+ 23. Kb1 Nxc3+ 24. Bxc3 Qc5 25. Nxg4 Rae8 26. h5 g5 27. Nxe5 Rf4
28. Nd3 Qe3 29. Nxf4 Qxf4 30. Bd3+ Kh6 31. Rdf1 Qb8 32. Rf6+ Kg7 33. h6+ Kg8
34. h7+ Kg7 35. Rf4+ Re5 36. Bxe5+ Qxe5 37. h8=Q# 1-0

[Event "Michigan Open"]
[Site "Lansing, MI"]
[Date "2002.09.01"]
[Round "5.7"]
[White "Vandivier, Don"]
[Black "Hankinson, Chris"]
[Result "1/2-1/2"]
[WhiteElo "1963"]
[BlackElo "2115"]
[PlyCount "117"]
[EventDate "2002.08.30"]

1. e4 g6 2. d4 c6 3. Nc3 d5 4. e5 h5 5. h3 Nh6 6. Nf3 b6 7. Bd3 e6 8. Bg5 Be7
9. Bxh6 Rxh6 10. Qd2 Rh8 11. O-O-O a5 12. g4 Ba6 13. Kb1 Bxd3 14. Qxd3 Na6 15.
Nh2 Qd7 16. f4 c5 17. dxc5 bxc5 18. Qb5 Qxb5 19. Nxb5 Rb8 20. a4 c4 21. b3 cxb3
22. cxb3 Nc5 23. Kb2 hxg4 24. hxg4 Rh3 25. Kc2 Kd7 26. Nd4 Nxb3 27. Nhf3 Nxd4+
28. Nxd4 Rc8+ 29. Kd2 Rxh1 30. Rxh1 Rc4 31. Kd3 Rxa4 32. Rh7 Ra3+ 33. Kc2 Ra4
34. Kd3 Ke8 35. f5 gxf5 36. gxf5 exf5 37. Nxf5 Re4 38. Rh8+ Kd7 39. Ra8 Bb4 40.
Ra7+ Kc6 41. Rxf7 Rxe5 42. Nd4+ Kd6 43. Nb5+ Ke6 44. Rc7 Rh5 45. Nd4+ Ke5 46.
Nf3+ Kd6 47. Rc8 Rh3 48. Ke2 Rh7 49. Kd3 Rc7 50. Rd8+ Rd7 51. Rc8 Bc5 52. Nd4
Bb4 53. Rc6+ Ke7 54. Rb6 Kd8 55. Ne6+ Kc8 56. Kd4 Be1 57. Rb2 Bb4 58. Rc2+ Kb8
59. Nf4 1/2-1/2

[Event "Michigan Open Booster"]
[Site "Lansing, MI"]
[Date "2002.09.01"]
[Round "3.44"]
[White "Tyle, Sheel"]
[Black "Bultema, Luke"]
[Result "0-1"]
[WhiteElo "781"]
[BlackElo "1221"]
[PlyCount "57"]
[EventDate "2002.08.30"]

1. e4 c5 2. Nf3 b6 3. d4 cxd4 4. Nxd4 Bb7 5. Nc3 e6 6. Bf4 f6 7. e5 d6 8. Bb5+
Kf7 9. exf6 Nxf6 10. Bg5 h6 11. Bxf6 Qxf6 12. Qg4 h5 13. Qxe6+ Qxe6+ 14. Nxe6
Kxe6 15. O-O-O a6 16. Bc4+ Kd7 17. Rhe1 Be7 18. Ne4 Bxe4 19. Rxe4 Re8 20. Bd5
Bg5+ 21. f4 Rxe4 22. Bxe4 Bxf4+ 23. Kb1 Nc6 24. Rd3 Re8 25. Bf3 Re7 26. Bd1
Bxh2 27. c4 Ne5 28. Rd2 Bf4 29. Re2 0-1

[Event "Michigan Open Booster"]
[Site "Lansing, MI"]
[Date "2002.09.01"]
[Round "4.43"]
[White "Tyle, Sheel"]
[Black "Avery, James"]
[Result "1-0"]
[WhiteElo "781"]
[BlackElo "744"]
[PlyCount "77"]
[EventDate "2002.08.30"]

1. e4 Nc6 2. Nf3 e5 3. Bc4 Be7 4. d3 Nf6 5. Bg5 O-O 6. Nc3 b6 7. Bd5 Re8 8.
Nxe5 Nxd5 9. Bxe7 Ndxe7 10. d4 Nxe5 11. dxe5 Nc6 12. Qd5 Rxe5 13. Qb3 Nd4 14.
Qa4 c5 15. Nb5 Rxe4+ 16. Kd1 Ba6 17. Qxa6 Nxb5 18. Qxb5 Rd4+ 19. Kc1 Qg5+ 20.
Kb1 Qxg2 21. Qf1 Qxf1+ 22. Rxf1 Re8 23. a3 f5 24. c3 Rde4 25. Ka2 Kf7 26. Rad1
R8e7 27. Rd5 Ke6 28. f3 Kxd5 29. fxe4+ Kxe4 30. Re1+ Kf3 31. Rxe7 f4 32. Rxg7
Ke2 33. Re7+ Kf2 34. Rxd7 f3 35. Rxh7 Kg2 36. Rxa7 f2 37. Rf7 f1=Q 38. Rxf1
Kxf1 39. h4 1-0

[Event "Michigan Open"]
[Site "Lansing, MI"]
[Date "2002.09.01"]
[Round "4.44"]
[White "Thomas, Henry"]
[Black "Katsuhara, Osamu"]
[Result "0-1"]
[WhiteElo "1774"]
[BlackElo "1790"]
[PlyCount "52"]
[EventDate "2002.08.30"]

1. e4 c5 2. d4 cxd4 3. c3 d3 4. Bxd3 Nc6 5. Nf3 e6 6. O-O g6 7. c4 Bg7 8. Nc3
Nge7 9. Be3 d5 10. cxd5 exd5 11. exd5 Nxd5 12. Nxd5 Qxd5 13. Rc1 O-O 14. Bc5
Rd8 15. Re1 Bxb2 16. Bc4 Qxd1 17. Rcxd1 Bg4 18. Rb1 Bc3 19. Rxb7 Bxe1 20. Rxf7
Na5 21. Rf8+ Kg7 22. Rf7+ Kh8 23. Ng5 Nxc4 24. Rxh7+ Kg8 25. Be7 Bd2 26. Bxd8
Bxg5 0-1